00241nam a22000857a 4500003000400000082001200004100002600016245010400042260000900146SGT a370,FAU aFauzia Diba-201001002 aA Study on Effect of Family Environment on Academic Achievement of Senior Secondary School Students c2020